[Event "XIII International Chess Festival"]
[Site "Paracin"]
[Date "2020.07.09"]
[Round "9.13"]
[White "Stanojevic, Ilija"]
[Black "Mitev, Valentin"]
[Result "1/2-1/2"]
[BlackElo "2240"]
[WhiteElo "2220"]
[LiveChessVersion "1.4.8"]

1. c4 {[%clk 1:30:55]} c6 {[%clk 1:30:04]} 2. e4 {[%clk 1:26:46]} e5
{[%clk 1:29:45]} 3. Nf3 {[%clk 1:26:45]} d6 {[%clk 1:30:04]} 4. d4
{[%clk 1:26:36]} Nd7 {[%clk 1:30:05]} 5. Nc3 Ngf6 {[%clk 1:30:10]} 6. g3
{[%clk 1:26:30]} Be7 {[%clk 1:30:20]} 7. Bg2 {[%clk 1:26:55]} O-O
{[%clk 1:30:22]} 8. O-O {[%clk 1:27:21]} Re8 {[%clk 1:29:19]} 9. h3
{[%clk 1:27:23]} Bf8 {[%clk 1:28:59]} 10. Be3 {[%clk 1:27:19]} a6
{[%clk 1:26:26]} 11. Qc2 {[%clk 1:23:28]} b5 {[%clk 1:25:33]} 12. Rfd1
{[%clk 1:16:42]} b4 {[%clk 1:15:48]} 13. Na4 {[%clk 1:16:40]} Qa5
{[%clk 1:14:44]} 14. dxe5 {[%clk 1:12:55]} dxe5 {[%clk 1:15:00]} 15. c5
{[%clk 1:10:32]} Qc7 {[%clk 1:08:13]} 16. b3 {[%clk 1:08:41]} a5 {[%clk 1:08:13]}
17. Nd2 {[%clk 1:07:25]} Ba6 {[%clk 1:04:56]} 18. Nc4 {[%clk 1:07:05]} Rab8
{[%clk 1:00:56]} 19. Nd6 {[%clk 1:02:46]} Re6 {[%clk 0:58:46]} 20. f4
{[%clk 0:57:51]} Bxd6 {[%clk 0:46:52]} 21. f5 {[%clk 0:56:33]} Ree8
{[%clk 0:42:39]} 22. cxd6 {[%clk 0:53:31]} Qb7 {[%clk 0:42:58]} 23. Rac1
{[%clk 0:50:42]} Bb5 {[%clk 0:42:51]} 24. Nc5 {[%clk 0:46:33]} Nxc5
{[%clk 0:43:00]} 25. Bxc5 {[%clk 0:46:02]} Nd7 {[%clk 0:40:24]} 26. g4
{[%clk 0:43:42]} Nxc5 {[%clk 0:29:38]} 27. Qxc5 {[%clk 0:43:57]} Qb6
{[%clk 0:26:48]} 28. Bf1 {[%clk 0:41:20]} Red8 {[%clk 0:23:06]} 29. Bxb5
{[%clk 0:39:34]} cxb5 30. d7 {[%clk 0:35:53]} Qf6 {[%clk 0:18:25]} 31. Qc7
{[%clk 0:32:42]} Qg5 {[%clk 0:17:55]} 32. Qxe5 {[%clk 0:31:53]} Qe3+
{[%clk 0:18:18]} 33. Kg2 {[%clk 0:32:17]} Qe2+ {[%clk 0:18:40]} 34. Kg3
{[%clk 0:32:08]} Qe3+ {[%clk 0:19:06]} 35. Kh4 {[%clk 0:32:21]} Qh6+
{[%clk 0:19:07]} 36. Kg3 {[%clk 0:32:44]} Qe3+ {[%clk 0:19:31]} 1/2-1/2

[Event "XIII International Chess Festival"]
[Site "Paracin"]
[Date "2020.07.09"]
[Round "9.14"]
[White "Radisavljevic, Dalibor"]
[Black "Konyves, Almos"]
[Result "1-0"]
[BlackElo "2090"]
[WhiteElo "2214"]
[LiveChessVersion "1.4.8"]

1. e4 {[%clk 1:30:48]} c5 {[%clk 1:30:38]} 2. Nf3 {[%clk 1:31:12]} Nc6
{[%clk 1:31:02]} 3. d4 {[%clk 1:31:39]} cxd4 {[%clk 1:31:26]} 4. Nxd4
{[%clk 1:32:04]} Nf6 {[%clk 1:31:50]} 5. Nc3 {[%clk 1:32:08]} d6 {[%clk 1:32:11]}
6. Bg5 {[%clk 1:29:09]} e6 {[%clk 1:31:50]} 7. Qd2 {[%clk 1:27:49]} a6
{[%clk 1:31:00]} 8. O-O-O {[%clk 1:25:41]} Bd7 {[%clk 1:30:20]} 9. f4
{[%clk 1:23:04]} h6 {[%clk 1:29:38]} 10. Bh4 {[%clk 1:15:49]} Be7
{[%clk 1:27:49]} 11. Be2 {[%clk 1:11:45]} O-O {[%clk 1:26:08]} 12. Bf3
{[%clk 1:07:12]} Re8 {[%clk 0:45:10]} 13. Bxf6 {[%clk 0:48:56]} Bxf6
{[%clk 0:39:55]} 14. Nxc6 {[%clk 0:48:44]} Bxc6 {[%clk 0:40:04]} 15. Ne2
{[%clk 0:48:43]} Qb6 {[%clk 0:39:14]} 16. c3 {[%clk 0:47:59]} Red8
{[%clk 0:36:53]} 17. g4 {[%clk 0:45:54]} d5 {[%clk 0:34:17]} 18. e5
{[%clk 0:42:59]} Be7 {[%clk 0:33:45]} 19. Nd4 {[%clk 0:42:25]} Bd7
{[%clk 0:32:29]} 20. h4 {[%clk 0:40:21]} Qa5 {[%clk 0:24:03]} 21. Kb1
{[%clk 0:37:43]} b5 {[%clk 0:21:27]} 22. g5 {[%clk 0:37:41]} Rab8
{[%clk 0:12:00]} 23. gxh6 {[%clk 0:31:27]} b4 {[%clk 0:08:22]} 24. Qg2
{[%clk 0:31:33]} g6 {[%clk 0:07:48]} 25. h5 {[%clk 0:28:33]} bxc3
{[%clk 0:07:39]} 26. b3 {[%clk 0:28:53]} Be8 {[%clk 0:06:41]} 27. hxg6
{[%clk 0:26:49]} fxg6 {[%clk 0:06:48]} 28. Qc2 {[%clk 0:27:16]} Qb6
{[%clk 0:06:38]} 29. Rhg1 {[%clk 0:27:05]} Kh8 {[%clk 0:04:46]} 30. Bh5
{[%clk 0:22:41]} Bc5 {[%clk 0:03:52]} 31. Rxg6 {[%clk 0:22:18]} Bxg6 32. Qxg6
{[%clk 0:22:46]} c2+ {[%clk 0:01:34]} 33. Nxc2 {[%clk 0:19:58]} Rg8
{[%clk 0:01:30]} 34. Qf6+ {[%clk 0:20:21]} Kh7 {[%clk 0:01:57]} 35. Qf7+
{[%clk 0:18:48]} Kh8 {[%clk 0:02:16]} 36. Bg6 {[%clk 0:18:39]} 1-0

[Event "XIII International Chess Festival"]
[Site "Paracin"]
[Date "2020.07.09"]
[Round "9.15"]
[White "Tirelli, Mauro"]
[Black "Ljepic, Andrej"]
[Result "1/2-1/2"]
[BlackElo "1852"]
[WhiteElo "2187"]
[LiveChessVersion "1.4.8"]

1. c4 {[%clk 1:30:55]} e6 {[%clk 1:30:38]} 2. Nf3 {[%clk 1:31:06]} Nf6
{[%clk 1:30:42]} 3. Nc3 {[%clk 1:31:02]} d5 {[%clk 1:30:57]} 4. e3
{[%clk 1:31:26]} Be7 {[%clk 1:31:10]} 5. b3 {[%clk 1:31:32]} O-O {[%clk 1:31:16]}
6. Bb2 {[%clk 1:31:59]} Nbd7 {[%clk 1:30:50]} 7. Qc2 {[%clk 1:31:01]} c5
{[%clk 1:29:39]} 8. cxd5 {[%clk 1:29:07]} exd5 {[%clk 1:29:46]} 9. Be2
{[%clk 1:27:39]} b6 {[%clk 1:27:37]} 10. O-O {[%clk 1:25:41]} Bb7
{[%clk 1:25:53]} 11. d4 {[%clk 1:25:52]} Rc8 {[%clk 1:23:16]} 12. dxc5
{[%clk 1:22:47]} Nxc5 {[%clk 1:21:38]} 13. Rac1 {[%clk 1:19:49]} Nfe4
{[%clk 1:13:00]} 14. Qb1 {[%clk 1:15:25]} Bf6 {[%clk 1:06:35]} 15. Nb5
{[%clk 1:09:40]} Bxb2 {[%clk 1:02:02]} 16. Qxb2 {[%clk 1:09:35]} a6
{[%clk 1:00:37]} 17. Nbd4 {[%clk 1:09:39]} Qf6 {[%clk 0:57:53]} 18. Rc2
{[%clk 0:51:27]} b5 {[%clk 0:50:37]} 19. a3 {[%clk 0:48:03]} g6 {[%clk 0:38:07]}
20. Ne1 {[%clk 0:45:02]} Ne6 {[%clk 0:31:48]} 21. Ndf3 {[%clk 0:36:58]} Qxb2
{[%clk 0:28:17]} 22. Rxb2 {[%clk 0:37:22]} Rc3 {[%clk 0:27:22]} 23. Nc2
{[%clk 0:34:13]} Rfc8 {[%clk 0:23:53]} 24. Ncd4 {[%clk 0:34:03]} Kf8
{[%clk 0:22:00]} 25. Rd1 {[%clk 0:32:44]} Rc1 {[%clk 0:19:50]} 26. Rb1
{[%clk 0:29:39]} Rxb1 {[%clk 0:17:39]} 27. Rxb1 {[%clk 0:29:32]} Rc3
{[%clk 0:16:37]} 28. g3 {[%clk 0:25:27]} Ke7 {[%clk 0:14:07]} 29. Kg2
{[%clk 0:25:30]} f6 {[%clk 0:11:37]} 30. Nxe6 {[%clk 0:23:55]} Kxe6
{[%clk 0:11:59]} 31. Nd4+ {[%clk 0:24:00]} Ke7 {[%clk 0:11:53]} 32. Bf3
{[%clk 0:20:32]} Nc5 {[%clk 0:11:04]} 33. Kf1 {[%clk 0:19:25]} Ne6
{[%clk 0:10:06]} 34. Ne2 {[%clk 0:10:55]} Rc2 {[%clk 0:09:58]} 35. Rc1
{[%clk 0:06:21]} Ra2 {[%clk 0:08:23]} 36. Nc3 {[%clk 0:06:00]} Rxa3
{[%clk 0:08:27]} 37. Nxd5+ {[%clk 0:05:18]} Bxd5 {[%clk 0:07:24]} 38. Bxd5
{[%clk 0:05:42]} Kd6 {[%clk 0:07:25]} 39. e4 {[%clk 0:04:44]} Nc5
{[%clk 0:05:11]} 40. Kg2 {[%clk 0:04:31]} b4 {[%clk 0:05:07]} 41. Rd1
{[%clk 0:03:06]} Ke7 {[%clk 0:04:55]} 42. Rc1 {[%clk 0:02:04]} Kd6
{[%clk 0:05:16]} 43. Rd1 {[%clk 0:01:50]} Ke5 {[%clk 0:05:13]} 1/2-1/2

[Event "XIII International Chess Festival"]
[Site "Paracin"]
[Date "2020.07.09"]
[Round "9.16"]
[White "Terziev, Dimo"]
[Black "Marjanovic, Rastko"]
[Result "1-0"]
[BlackElo "1932"]
[WhiteElo "2167"]
[LiveChessVersion "1.4.8"]

1. e4 {[%clk 1:28:22]} d6 {[%clk 1:30:44]} 2. d4 {[%clk 1:28:46]} Nf6
{[%clk 1:31:05]} 3. Nc3 {[%clk 1:29:07]} g6 {[%clk 1:31:25]} 4. Be2
{[%clk 1:29:23]} Bg7 {[%clk 1:31:45]} 5. Be3 {[%clk 1:29:44]} c6 {[%clk 1:31:04]}
6. a4 {[%clk 1:30:01]} Nbd7 {[%clk 1:30:38]} 7. h3 {[%clk 1:30:24]} O-O
{[%clk 1:30:50]} 8. Nf3 {[%clk 1:30:49]} Qc7 {[%clk 1:30:57]} 9. O-O
{[%clk 1:31:02]} e5 {[%clk 1:31:04]} 10. dxe5 {[%clk 1:31:24]} dxe5
{[%clk 1:31:19]} 11. Bc4 {[%clk 1:30:45]} Nh5 {[%clk 1:21:57]} 12. a5
{[%clk 1:28:52]} Nf4 {[%clk 1:21:29]} 13. Kh2 {[%clk 1:28:51]} Nf6
{[%clk 1:19:07]} 14. Bxf4 {[%clk 1:27:01]} exf4 {[%clk 1:19:35]} 15. e5
{[%clk 1:26:54]} Nd7 {[%clk 1:13:25]} 16. e6 {[%clk 1:27:09]} fxe6
{[%clk 1:13:45]} 17. Bxe6+ {[%clk 1:27:32]} Kh8 {[%clk 1:14:13]} 18. Ne4
{[%clk 1:23:11]} Ne5 {[%clk 1:09:21]} 19. Bb3 {[%clk 1:22:09]} Nxf3+
{[%clk 1:02:53]} 20. Qxf3 {[%clk 1:21:21]} Bxb2 {[%clk 1:02:26]} 21. Rad1
{[%clk 1:17:24]} Be5 {[%clk 1:00:35]} 22. Rfe1 {[%clk 1:17:01]} Bf5
{[%clk 0:57:26]} 23. a6 {[%clk 1:13:49]} b6 {[%clk 0:54:29]} 24. Nd6
{[%clk 1:11:55]} Bxd6 {[%clk 0:50:47]} 25. Qc3+ {[%clk 1:12:21]} Be5
{[%clk 0:49:56]} 26. Rxe5 {[%clk 1:12:33]} Qg7 {[%clk 0:47:39]} 27. Rde1
{[%clk 1:08:04]} Rae8 {[%clk 0:36:23]} 28. Rxe8 {[%clk 1:08:24]} Qxc3
{[%clk 0:36:51]} 29. Rxf8+ {[%clk 1:08:46]} Kg7 {[%clk 0:37:14]} 30. Rf7+
{[%clk 1:09:06]} Kh6 {[%clk 0:37:37]} 31. Ree7 {[%clk 1:09:23]} f3
{[%clk 0:36:40]} 32. Rxh7+ {[%clk 0:57:26]} Kg5 {[%clk 0:36:56]} 33. Re3
{[%clk 0:57:09]} Qa5 {[%clk 0:31:24]} 34. Kg3 {[%clk 0:49:06]} Kf6
{[%clk 0:30:37]} 35. Rf7+ {[%clk 0:49:31]} Kg5 {[%clk 0:30:58]} 36. h4+
{[%clk 0:49:49]} Kh6 {[%clk 0:31:23]} 37. Ree7 {[%clk 0:49:57]} g5
{[%clk 0:30:46]} 38. Rf6+ {[%clk 0:50:22]} Bg6 {[%clk 0:30:03]} 39. Ree6
{[%clk 0:50:42]} gxh4+ {[%clk 0:30:07]} 40. Kh2 {[%clk 0:51:05]} fxg2
{[%clk 0:29:08]} 41. Rxg6+ {[%clk 0:51:28]} Kh5 {[%clk 0:29:08]} 42. Kxg2
{[%clk 0:50:02]} h3+ {[%clk 0:28:26]} 43. Kxh3 {[%clk 0:50:11]} Qa1
{[%clk 0:28:20]} 44. Kg2 {[%clk 0:50:11]} Qxa6 {[%clk 0:27:20]} 45. Rg3
{[%clk 0:50:29]} Qb5 {[%clk 0:26:02]} 46. Re1 {[%clk 0:50:47]} 1-0

[Event "International OPEN "]
[Site "Paracin, Pool "]
[Date "2020.07.09"]
[Round "9.17"]
[White "Kuzmanovic, Slobodan"]
[Black "Zlatkov, Anton"]
[Result "1/2-1/2"]
[WhiteElo "2164"]
[BlackElo "1948"]
[Annotator "milan"]
[PlyCount "103"]
[EventDate "2020.07.03"]

1. Nf3 Nf6 2. c4 g6 3. b3 Bg7 4. Bb2 O-O 5. g3 d6 6. Bg2 c6 7. d4 Nbd7 8. O-O
Qc7 9. Nc3 b6 10. e4 Bb7 11. Rc1 e5 12. d5 c5 13. Ne1 Rae8 14. Nd3 Qd8 15. Nb5
Qb8 16. Nc3 Qd8 17. Rc2 a6 18. f4 exf4 19. Nxf4 Ne5 20. h3 h5 21. Rcf2 Bc8 22.
Kh2 Nh7 23. Qd2 Bd7 24. Nd1 Ng5 25. Ne3 Qc8 26. h4 Nh7 27. Nd3 Qd8 28. Nxe5
Bxe5 29. Bxe5 Rxe5 30. Bf3 Nf6 31. Ng2 Kg7 32. Qf4 Bg4 33. Ne3 Bxf3 34. Rxf3
Nxe4 35. Kg2 Nd2 36. Nf5+ Rxf5 37. Qxd2 Rxf3 38. Rxf3 Re8 39. b4 Qe7 40. bxc5
bxc5 41. Qb2+ Qe5 42. Qxe5+ Rxe5 43. Ra3 Re4 44. Rxa6 Rxc4 45. Rxd6 Rc2+ 46.
Kf3 Rxa2 47. Rc6 Rd2 48. Rxc5 Kf6 49. Ke4 Re2+ 50. Kf4 Rf2+ 51. Ke3 Rf1 52. Ke4
{(...)} 1/2-1/2

[Event "International OPEN "]
[Site "Paracin, Pool "]
[Date "2020.07.09"]
[Round "9.18"]
[White "Stankovic, Boris"]
[Black "Radosavljevic, Slobodan D"]
[Result "1/2-1/2"]
[WhiteElo "2119"]
[BlackElo "2159"]
[Annotator "milan"]
[PlyCount "56"]
[EventDate "2020.07.03"]

1. e4 c5 2. Nf3 d6 3. c3 Nf6 4. Be2 g6 5. O-O Bg7 6. Re1 O-O 7. Bf1 Nc6 8. d4
cxd4 9. cxd4 d5 10. e5 Ne4 11. Nc3 Nxc3 12. bxc3 Bf5 13. Bd3 Bxd3 14. Qxd3 Qd7
15. Ng5 Nd8 16. e6 Nxe6 17. Qh3 h6 18. Nxe6 fxe6 19. Qxe6+ Qxe6 20. Rxe6 Kf7
21. Re3 h5 22. Rb1 b6 23. Rb5 Rfd8 24. Ba3 Rd7 25. Bb4 Bf6 26. a4 Rc8 27. a5
Rc6 28. g3 e6 {(...)} 1/2-1/2

[Event "International OPEN "]
[Site "Paracin, Pool "]
[Date "2020.07.09"]
[Round "9.19"]
[White "Milovanovic, Srboljub"]
[Black "Albers, Sasa"]
[Result "1-0"]
[WhiteElo "2043"]
[BlackElo "2120"]
[PlyCount "45"]
[EventDate "2020.07.03"]

1. d4 Nf6 2. c4 e6 3. Nc3 Bb4 4. e3 b6 5. Qb3 c5 6. a3 Ba5 7. Bd3 O-O 8. Nge2
d6 9. O-O Bxc3 10. Qxc3 Bb7 11. f3 Nc6 12. b4 cxd4 13. exd4 h6 14. Rd1 Rc8 15.
Be3 b5 16. cxb5 Ne5 17. Qd2 Nxd3 18. Qxd3 Nd5 19. Bd2 Qb6 20. a4 a6 21. bxa6
Nxb4 22. a5 Qxa6 23. Bxb4 1-0

[Event "International OPEN "]
[Site "Paracin, Pool "]
[Date "2020.07.09"]
[Round "9.20"]
[White "Kostadinovic, Uros"]
[Black "Micic, Aleksa"]
[Result "0-1"]
[WhiteElo "1859"]
[BlackElo "2008"]
[Annotator "milan"]
[PlyCount "62"]
[EventDate "2020.07.03"]

1. e4 c5 2. Nc3 e6 3. f4 Nc6 4. Bb5 d5 5. exd5 exd5 6. Nf3 Nge7 7. Qe2 Qd6 8.
Ne5 Be6 9. Bxc6+ bxc6 10. b3 Nf5 11. O-O Nd4 12. Qd1 f6 13. Nf3 Qxf4 14. Ne2
Nxf3+ 15. Rxf3 Qc7 16. Nf4 Kf7 17. Nxe6 Kxe6 18. Bb2 Bd6 19. Qe1+ Kd7 20. Qh4
Rae8 21. Qh3+ Kd8 22. Qh5 Kc8 23. d4 Re2 24. dxc5 Bxc5+ 25. Kh1 Rhe8 26. Qxh7
R8e4 27. Rc1 Rxc2 28. Rff1 Rce2 29. Qf5+ Kb7 30. g3 Rh4 31. h3 g6 {(...)} 0-1